000 00813nam a2200205 a 4500
001 BRCA_657
005 20190320203110.0
008 110408s2001----sp-a---###---#000-0#spa-#
020 _a8436934393
050 4 _aN3555.C4
_b.M97 2001
245 1 0 _aMuseo Nacional de Cerámica y de las Artes Suntuarias González Martí.
260 _aMadrid
_bMinisterio de Educación, Cultura y Deporte
_c2001
300 _a39 p.
_bil. a color, fotografías
_c28 cm.
440 0 _aVer Museos
_92196
610 2 4 _aMuseo Nacional de Cerámica y de las Artes Suntuarias González Martí
_vGuías
_zValencia (España)
_92197
610 2 4 _aPalacio de Dos Aguas
_xConservación y restauración
_zValencia (España)
_92198
650 1 4 _aCerámica
_xMuseos
_zEspaña
_92199
650 1 4 _aArtes decorativas
_xMuseos
_zEspaña
_92200
942 _2lcc
_cB
999 _c570
_d570